1576 1813 1177 1298 1583 1144 1998 1160 1952 1283 1763 1883 1246 1266 1491 1470 1908 1880 1454 1377 1891 1445 1883 1620 1682 1440 1128 1344 1623 1373 1438 1179 1124 1431 1237 1615 1330 1016 1667 1046 1539 1795 1809 1041 1748 1545 1257 1533 1784 1961 1771 1149 1637 1313 1802 1653 1847 1008 1585 1086 1464 1520 1356 1103 1015 1160 1641 1888 1477 1582 1561 1620 1682 1062 1678 1600 1781 1864 1172 1275 1031 1976 1747 1951 1064 1502 1767 1033 1750 1715 1245 1569 1435 1161 1399 1796 1874 1104 1635 BCNSPRNW ULIB Ver.6.0+V

เปลี่ยนเป็นภาษาไทย

Change to English
 แสดงรายละเอียดบรรณานุกรม
  กลับหน้าหลัก

Brief Record : Get Marc (ISO 2709) : E-mail record : QR code < ปิดหน้าต่าง
LEADER : 00000nam 2200000uu 4500
001    13399107849
003     ULIB
008    110206s2553||||th 000 0 tha d
020    9789741113217
060 04 WS410^bส661ต 2553
100 0  สายฝน ชวาลไพบูลย์
245 10 ตำราคลอดก่อนกำหนด =^bPreterm labour /^cสายฝน ชลาวไพบูลย์
246 30 คลอดก่อนกำหนด
246 31 Preterm labour
250    พิมพ์ครั้งที่ 1
260    กรุงเทพฯ :^bหน่วยเวชศาสตร์มารดาและทารกในครรภ์ภาควิชาสูติศาสตร์-นรีเวชวิทยา คณะแพทยศาสตร์ศิริราชพยาบาล มหาวิทยาลัยมหิดล,^c2553
300    xxv, 465 หน้า :^bภาพประกอบ ;^c27 ซม.
650  7 การคลอดก่อนกำหนด
650  7 ทารกคลอดก่อนกำหนด
653    ผลงานอาจารย์คณะแพทยศาสตร์ศิริราชพยาบาล
710 2  มหาวิทยาลัยมหิดล. ^bคณะแพทยศาสตร์ศิริราชพยาบาล.^bภาควิชาสูติศาสตร์-นรีเวชวิทยา. ^bหน่วยเวชศาสตร์มารดาและทารกในครรภ์
945    ^p700^l0^i17875
945    ^p700^l0^i17874
945    ^p700^l0^i17876
995    เกษร
999 ^a ใช้งานได้ทุกระบบ
รายการนี้ยังไม่มีแท็ก
คุณยังไม่ได้ล็อกอิน คุณสามารถมีกิจกรรมร่วมกับเว็บไซต์ได้ แต่ต้องล็อกอินก่อน ::
  ล็อกอิน

รายการสื่อสารสนเทศ

ลำดับที่ ประเภท เลขเรียก/บาร์โค้ด สถานที่ สถานะ
1. วิทยาศาสตร์การแพทย์ และสุขภาพ
วิทยาศาสตร์การแพทย์ และสุขภาพ
WS410 ส661ต 2553  
  Barcode: 17875
ห้องสมุดวิทยาเขตนครสวรรค์
►ส่วนจัดเก็บหนังสือเก่า นว.
บนชั้น
  ขอยืม
2. วิทยาศาสตร์การแพทย์ และสุขภาพ
วิทยาศาสตร์การแพทย์ และสุขภาพ
WS410 ส661ต 2553 ฉ.2 
  Barcode: 17874
ห้องสมุดวิทยาเขตนครสวรรค์
►ส่วนจัดเก็บหนังสือเก่า นว.
บนชั้น
  ขอยืม
3. วิทยาศาสตร์การแพทย์ และสุขภาพ
วิทยาศาสตร์การแพทย์ และสุขภาพ
WS410 ส661ต 2553 ฉ.3 
  Barcode: 17876
ห้องสมุดวิทยาเขตนครสวรรค์
►ส่วนจัดเก็บหนังสือเก่า นว.
บนชั้น
  ขอยืม

รายการใกล้เคียง
    ผู้แต่ง [สายฝน ชวาลไพบูลย์]

    หัวเรื่อง [การคลอดก่อนกำหนด]
    หัวเรื่อง [ทารกคลอดก่อนกำหนด]

BibComment


ยังไม่เคยถูกคอมเมนท์

คอมเมนท์ทรัพยากรรายการนี้
  คอมเมนท์: ตำราคลอดก่อนกำหนด..


 Copyright 2026. Bcnsprnw @Library